LIBRARY & INFORMATION CENTRE, KCAET, TAVANUR

ONLINE PUBLIC ACCESS CATALOGUE (OPAC)

Water contamination emergencies : (Record no. 14044)

MARC details
000 -LEADER
fixed length control field 00771cam a22002657a 4500
003 - CONTROL NUMBER IDENTIFIER
control field OSt
008 - FIXED-LENGTH DATA ELEMENTS--GENERAL INFORMATION
fixed length control field 240203b |||||||| |||| 00| 0 eng d
020 ## - INTERNATIONAL STANDARD BOOK NUMBER
ISBN 0854046585
020 ## - INTERNATIONAL STANDARD BOOK NUMBER
ISBN 9780854046584
041 ## - LANGUAGE CODE
Language code of text/sound track or separate title eng
082 00 - DEWEY DECIMAL CLASSIFICATION NUMBER
Classification number 628.168
Item number THO/WA
245 00 - TITLE STATEMENT
Title Water contamination emergencies :
260 ## - PUBLICATION, DISTRIBUTION, ETC. (IMPRINT)
Place of publication Cambridge :
Name of publisher Royal Society of Chemistry,
Year of publication c2006.
300 ## - PHYSICAL DESCRIPTION
Number of Pages x, 372 p. :
Other physical details ill. ;
490 1# - SERIES STATEMENT
Series statement Special publication / Royal Society of Chemistry ;
500 ## - GENERAL NOTE
General note Proceedings of the conference held in 2005.
650 #0 - SUBJECT ADDED ENTRY--TOPICAL TERM
Topical Term Water
650 #0 - SUBJECT ADDED ENTRY--TOPICAL TERM
Topical Term Water
650 #0 - SUBJECT ADDED ENTRY--TOPICAL TERM
Topical Term Emergency management
650 #0 - SUBJECT ADDED ENTRY--TOPICAL TERM
Topical Term Water
650 #0 - SUBJECT ADDED ENTRY--TOPICAL TERM
Topical Term Health risk assessment
700 1# - ADDED ENTRY--PERSONAL NAME
Personal name Thompson, K. C.
700 1# - ADDED ENTRY--PERSONAL NAME
Personal name Gray, J.
942 ## - ADDED ENTRY ELEMENTS (KOHA)
Koha item type Books
Holdings
Withdrawn status Lost status Damaged status Collection code Home library Current library Shelving location Date acquired Full call number Accession Number Koha item type
      Non-fiction KAUAET KAUAET General Stacks 30/03/2013 628.168 THO/WA 23814 Books
free website counter